000 00647pam a22002297a 4500
008
020 _a0521383803 (hbk.)
049 _aMAIN
090 _aQH308.7
_bGRE
100 1 _aGreen, N.P.O.
245 1 0 _aBiological science 1 & 2 /
_cN.P.O. Green, G.W. Stout, D.J. Taylor.
260 _aCambridge :
_bCambridge University Press,
_c1990.
300 _axv, 972 p. :
_bill. ;
_c29cm.
650 0 _aBiology.
700 1 _aStout, G.W.
700 1 _aTaylor, D.J.
907 _a.b10013271
_b22-05-13
_c17-04-03
003
005 20230123134152.0
040 _cNUST
942 _cBOOKS
_kQH308.7
_mGRE
999 _c161229
_d161229